000 00726nam a2200229Ia 4500
001 17162
003 GE_BSU
008 181216s||||||||xx |||||||||||||| ||und||
040 _cGE_BSU
080 _a821.161.1-1
100 _aსოფრონოვი, ა.
245 _aსალამი დონს
245 _bლექსები
245 _cკ. კალაძის წინასიტყვაობით. რედ. გ.კაჭახიძე
260 _aთბილისი
260 _bნაკადული
260 _c1960
300 _a74გვ. : 1ფ. პორტრ. ; 20სმ
653 _aლექსები
653 _aსალამი დონს
942 _cBK
999 _c50224
_d50224